000 00418nam a2200157Ia 4500
008 240126s9999 xx 000 0 und d
041 _aEnglish
082 _aLIBRARY-VII
245 0 _aHarvard Business Review (1999 -
260 _bHarvard
_aBoston
440 _aNULL
520 _aFor On-line : http://www.hbr.org
650 _aHarvard,Business,Review,(1999,-,Management
650 _aManagement
942 _cJN
999 _c277246
_d277246